|
|
|
|
| LEADER |
00687nam a2200205Ia 4500 |
| 001 |
CTU_94677 |
| 008 |
210402s9999 xx 000 0 und d |
| 020 |
|
|
|c 181.91
|
| 082 |
|
|
|a 621.3821
|
| 082 |
|
|
|b A532
|
| 100 |
|
|
|a Anandalingam, G.
|
| 245 |
|
0 |
|a Telecommunications network design and management
|
| 245 |
|
0 |
|c G. Anandalingam, S. Raghavan
|
| 260 |
|
|
|a Boston
|
| 260 |
|
|
|b Kluwer Academic Publishers
|
| 260 |
|
|
|c 2003
|
| 650 |
|
|
|a Telecommunication systems,Computer networks,Telecommunication systems
|
| 650 |
|
|
|x Management,Congresses,Management,Congresses,Design and construction,Congresses
|
| 904 |
|
|
|i Trúc
|
| 980 |
|
|
|a Trung tâm Học liệu Trường Đại học Cần Thơ
|